000 00397nam a2200169Ia 4500
005 20250326141734.0
008 250326s9999 xx 000 0 und d
037 _aTextbook
040 _aFMSL
_beng
_cFMSL
041 _aeng
_2eng
084 _qFMSL
245 0 _aHindu Survey of Indian Agriculture 1989
260 _c1989
300 _a272p
942 _cTB
999 _c1291740
_d1291740